|
|
|
|
| LEADER |
00000nam a2200000 a 4500 |
| 001 |
vtls010334983 |
| 003 |
SK-MaSNL |
| 005 |
20260425235728.0 |
| 008 |
120116s2011 xo o g 000 0 slo |
| 015 |
|
|
|a SNBE2012/01-00201
|
| 020 |
|
|
|a 9788096950089 (brož.)
|
| 040 |
|
|
|a SNK
|b slo
|c SNK
|e AACR2
|
| 041 |
0 |
|
|a slo
|
| 043 |
|
|
|a e-xo---
|
| 044 |
|
|
|a xo
|c SK
|
| 072 |
|
7 |
|a 77
|x Fotografia. Fotografické postupy
|2 konspekt
|
| 080 |
|
|
|a 77.03/.08-027.562
|2 2001
|
| 080 |
|
|
|a 77.092
|2 2001
|
| 080 |
|
|
|a (437.6)
|2 2001
|
| 080 |
|
|
|a (083.824)
|2 2001
|
| 111 |
2 |
|
|a AMFO
|n (39. :
|d 2011 :
|c Humenné, Slovensko)
|9 544387
|
| 245 |
1 |
0 |
|a AMFO 2011
|b celoštátna súťaž amatérskej fotografie : [39. ročník : vernisáž výstavy: 28.10.2011 : katalóg k výstave z celoštátnej postupovej súťaže amatérskej fotografie
|c zostavovateľky: Zuzana Školudová a Mária Mišková]
|
| 250 |
|
|
|a [1. vyd.]
|
| 260 |
|
|
|a V Humennom
|b Vihorlatské osvetové stredisko
|b Národné osvetové centrum
|c 2011
|
| 300 |
|
|
|a [35] s.
|b fotogr.
|c 21 cm
|
| 366 |
|
|
|e 400 výt.
|
| 650 |
0 |
7 |
|a amatérska fotografia
|2 SNKPH
|9 72795
|
| 650 |
0 |
7 |
|a Amateur photography
|2 SNKPHeng
|9 270760
|
| 650 |
0 |
7 |
|a Photographic competitions
|2 SNKPHeng
|9 302745
|
| 650 |
0 |
7 |
|a fotografické súťaže
|2 SNKPH
|9 2908
|
| 651 |
|
7 |
|a Slovensko
|2 SNKPH
|9 14231
|
| 651 |
|
7 |
|a Slovakia
|2 SNKPHeng
|9 92630
|
| 655 |
|
7 |
|a katalógy výstav
|2 SNKPH
|9 70445
|
| 655 |
|
7 |
|a Exhibition catalogs
|2 SNKPHeng
|9 266232
|
| 700 |
1 |
|
|a Školudová, Zuzana
|4 com
|9 7254
|
| 700 |
1 |
|
|a Mišková, Mária
|4 com
|9 421359
|
| 752 |
|
|
|a Slovensko
|d Humenné
|
| 919 |
|
|
|a 978-80-969500-8-9
|
| 999 |
|
|
|c 836712
|d 838642
|
| 952 |
|
|
|a SNK
|b SNK
|y VYP
|7 0
|p 17A0875987
|o snkOSC 25834 D1
|i snk2012/1717
|8 0
|0 0
|1 0
|4 0
|d 2012-01-20
|l 0
|r 2026-02-24 03:57:12
|w 2026-02-24
|
| 952 |
|
|
|a SNK
|b SNK
|y PREZ
|7 0
|p 17A0875746
|o snkOSC 25834
|i snk2012/1035
|8 0
|0 0
|1 0
|4 0
|d 2012-01-16
|l 0
|r 2026-02-24 03:57:12
|w 2026-02-24
|